Statistiken für Länder mit dem tiefsten Prozentsatz an Kulturlandschaften

Klicken Sie hier um das Quiz zu spielen!

Allgemein

  • Dieses Quiz wurde 2.839 mal gespielt
  • Das Durchschnittsergebnis liegt bei 8 aus 20

Antwortstatistiken

%KontinentLand% Korrekt
0EuropaVatikanstadt
77%
0EuropaMonaco
76%
0OzeanienNauru
50%
1.8AfrikaKongo (Dem. Rep.)
46%
1.8AfrikaKongo (Rep.)
46%
0.07EuropaIsland
43%
0.4SüdamerikaSuriname
43%
1.3AsienKatar
40%
0.4AsienMongolei
39%
1.6AsienSaudi-Arabien
39%
0.9AsienKuwait
38%
0.4AfrikaMauretanien
38%
1.2AfrikaLibyen
36%
0.2AsienOman
35%
1.0AsienVereinigte Arabische Emirate
35%
0.04AfrikaDschibuti
34%
1.8AfrikaSomalia
33%
1.0AfrikaNamibia
32%
0.9NordamerikaBahamas
27%
0.6AfrikaBotswana
24%

Verteilung der Resultate

Perzentil nach korrekt beantworteten Fragen

Anzahl Personen mit jedem Resultat

Ihre Resultats-Entwicklung

Sie haben dieses Quiz noch nicht gespielt